书目信息 |
| 题名: |
《哲学笔记》与辩证法
|
|
| 作者: | 黄楠森 著 | |
| 分册: | ||
| 出版信息: | 北京 北京出版社 1984 |
|
| 页数: | 286页 | |
| 开本: | 21cm | |
| 丛书名: | ||
| 单 册: | ||
| 中图分类: | A821.24 | |
| 科图分类: | ||
| 主题词: | 列宁著作研究--单行本--1912年4月~1916年 | |
| 电子资源: | ||
| ISBN: | ||
| 000 | 00654nam0 2200229 45 | |
| 001 | 0184010400 | |
| 005 | 20060524101950.35 | |
| 010 | @dCNY1.05 | |
| 091 | @a2071.16 | |
| 100 | @a19950619d1984 emky0chiy0121 ea | |
| 101 | 0 | @achi |
| 102 | @aCN@b110000 | |
| 105 | @ay z 000yy | |
| 200 | 12 | @a《哲学笔记》与辩证法@A《 zhe xue bi ji》 yu bian zheng fa@f黄楠森著@FHuang Nan Sen Zhu |
| 210 | @a北京@c北京出版社@d1984 | |
| 215 | @a286页@d21cm | |
| 606 | @a列宁著作研究@x单行本@x1912年4月~1916年 | |
| 690 | @aA821.24@v3 | |
| 701 | 0 | @a黄楠森@Ahuang nan sen@4著 |
| 801 | 0 | @aCN@b上海图书馆@c20060524 |
| 801 | 2 | @aCN@bNLC@c20060413 |
| 905 | @dA821.24@e3 | |
| 《哲学笔记》与辩证法/黄楠森著.-北京:北京出版社,1984 |
| 286页;21cm |
| ISBN :CNY1.05 |
| ● |
| 相关链接 |
|
|
|
|
正题名:《哲学笔记》与辩证法
索取号:A821.24/3
 
预约/预借
| 序号 | 登录号 | 条形码 | 馆藏地/架位号 | 状态 | 备注 |
| 1 | 0107797 | 000959635 | 第一借阅区/ [索取号:A821.24/3] | 在馆 | |
| 2 | 0107798 | 000959715 | 第一样本阅览室/ [索取号:A821.24/3] | 在馆 | |
| 3 | 0107799 | 202391205 | 密集书库/ [索取号:A821.24/3] | 在馆 | |
| 4 | 0168499 | 202250820 | 密集书库/ [索取号:A821.24/3] | 在馆 | |
| 5 | 0168500 | 001981485 | 第一借阅区/ [索取号:A821.24/3] | 在馆 | |
| 6 | 0168501 | 000938463 | 第一借阅区/ [索取号:A821.24/3] | 在馆 |